01276cam a22003251u 4500999001500000003000900015005001700024008004100041035001800082040004300100082002000143100005100163245016900214250002100383264005200404300002700456336002600483337002800509338002700537490001700564590001500581650003500596650002400631650004100655653002600696655001700722700007000739942002400809952011700833 c1750d1750EG-ScBUE20200111110252.0190729r19641961nyu f 000 0 eng d a(OCoLC)327978 aEG-ScBUEbengerdacEG-ScBUEdEG-ScBUE04a809.91bFRY2221 aFrye, Prosser Hall,‏ d1866-1934,eauthor.10aRomance and tragedy :ba study of classic and romantic elements in the great tragedies of European literature /cby Prosser Hall Frye ; Preface by Thomas M. Raysor. aSecond printing. 1aLincoln :bUniversity of Nebraska Press,c1964. ax, 372 pages ;c21 cm. 2rdacontentatextbtxt 2rdamediaaunmediatedbn 2rdacarrieravolumebnc0 aA bison book abasantemad 7aComparative literature.2BUEsh 7aRomanticism.2BUEsh 7aDramaxHistory and criticism.2BUEsh bHHUUEENNcJanuary2020 vReading book1 aRaysor, Thomas Middleton,‏d1895-eauthor of introduction, etc. cBBk809.91 FRY2ddc 00104070aMAINbMAINc2NDd2012-12-06ePurchasel0o809.91 FRYp000002567r2025-07-15 00:00:00w2006-12-12yBB